Discurso y rectificaciones del diputado D. Antonio Maura en la discusión de totalidad del presupuesto de gastos de Marina, sesiones de 13, 14, 16 y 19 de mayo de 1890. (Record no. 159201)
[ view plain ]
| 000 -LEADER | |
|---|---|
| campo de control de longitud fija | 00840nam a22002055i 4500 |
| 001 - NÚMERO DE CONTROL | |
| campo de control | 159201 |
| 003 - IDENTIFICADOR DE NÚMERO DE CONTROL | |
| campo de control | ES-MaACL |
| 005 - FECHA Y HORA DE LA ÚLTIMA TRANSACCIÓN | |
| campo de control | 20240511063040.0 |
| 008 - DATOS DE LONGITUD FIJA--INFORMACIÓN GENERAL | |
| campo de control de longitud fija | 040908s1890 sp |||| | spa d |
| 040 ## - FUENTE DE CATALOGACIÓN | |
| Centro catalogador/agencia de origen | CAM |
| Lengua de catalogación | spa |
| Centro/agencia transcriptor | CAM |
| 100 1# - ENTRADA PRINCIPAL--NOMBRE DE PERSONA | |
| Nombre de persona | Maura y Montaner, Antonio, |
| Fechas asociadas al nombre | 1853-1925 |
| 9 (RLIN) | 79224 |
| 245 10 - MENCIÓN DEL TÍTULO | |
| Título | Discurso y rectificaciones del diputado D. Antonio Maura en la discusión de totalidad del presupuesto de gastos de Marina, sesiones de 13, 14, 16 y 19 de mayo de 1890. |
| 260 ## - PUBLICACIÓN, DISTRIBUCIÓN, ETC. | |
| Lugar de publicación, distribución, etc. | [Madrid : |
| Nombre del editor, distribuidor, etc. | s.n. 1890?] ( |
| Fabricante | Imprenta de los Hijos de J.A. Garcia) |
| 300 ## - DESCRIPCIÓN FÍSICA | |
| Extensión | 37 p. ; |
| Dimensiones | 32 cm. |
| 500 ## - NOTA GENERAL | |
| Nota general | Datos tomados de la primera p. de texto. |
| 500 ## - NOTA GENERAL | |
| Nota general | Precede al tit: Documento parlamentario. |
| 597 ## - NOTA DE DESCRIPCIÓN FÍSICA | |
| NOTA DE DESCRIPCIÓN FÍSICA | Texto a dos col. |
| 852 ## - LOCALIZACIÓN | |
| Ubicación | ES-MaACL |
| Número de control de estantería | T-501-F-5 |
| Nota libre | -- Enc. hol. |
| -- | -- Enc. en un vol. facticio |
| Estatus retirado | Estado de pérdida | Estado de daño | No para préstamo | Colección | Biblioteca de origen | Biblioteca actual | Ubicación en estantería | Fecha de adquisición | Total de préstamos | Signatura topográfica completa | Código de barras | Visto por última vez | Precio de reemplazo | Tipo de ítem Koha |
|---|---|---|---|---|---|---|---|---|---|---|---|---|---|---|
| Colección de folletos | Biblioteca del Ateneo de Madrid | Biblioteca del Ateneo de Madrid | Depósito folletos | 17/01/2008 | T-501-F-5 | 1166659 | 23/02/2023 | 23/02/2023 | Folleto |
